Công nghệ và thiết bị ép mía

Guardado en:
Detalles Bibliográficos
Formato: Libro
Lenguaje:Undetermined
Publicado: H. Nông Nghiệp 1996
Materias:
Etiquetas: Agregar Etiqueta
Sin Etiquetas, Sea el primero en etiquetar este registro!
Thư viện lưu trữ: Trung tâm Học liệu Trường Đại học Cần Thơ
LEADER 00485nam a2200169Ia 4500
001 CTU_55429
008 210402s9999 xx 000 0 und d
020 |b 24000 
082 |a 664.1220284 
082 |b C455 
245 0 |a Công nghệ và thiết bị ép mía 
245 0 |c Lê Văn Lai ... [et al.] biên dịch 
260 |a H. 
260 |b Nông Nghiệp 
260 |c 1996 
650 |a sugarcane industry 
980 |a Trung tâm Học liệu Trường Đại học Cần Thơ